000
00307nam a22001457a 4500
008
230718b ||||| |||| 00| 0 eng d
020
_a
9780697067637
041
_a
eng
080
_a
51
082
_a
51GUL
100
_a
23
101
_a
MATEM
245
_a
PRECALCULUS
_c
GULATI .R .B
942
_2
udc
_c
BK
999
_c
60160
_d
60160